[Event "WRW Progressive"]
[Site "Hailey, ID"]
[Date "2010.10.09"]
[Round "1.3"]
[White "Walton, Taylor"]
[Black "Baggett, Jeff M"]
[Result "0-1"]
[WhiteElo "802"]
[BlackElo "1606"]

1. e4 c5 2. Nc3 Nc6 3. Nf3 g6 4. b3 Bg7 5. Bb2 Nf6 6. e5 Ng4 7. Ne4 Ngxe5 8.
Nxe5 Nxe5 9. d4 Nc6 10. Nxc5 O-O 11. Bb5 Qa5+ 12. c3 Qxb5 13. a4 Qa5 14. O-O
d6 15. b4 Qc7 16. Nd3 Bf5 17. b5 Na5 18. Nb4 e6 19. Qf3 d5 20. Ba3 Nc4 21.
Nxd5 exd5 22. Bxf8 Bxf8 23. Qxd5 Nd2 24. Rfe1 Rd8 25. Qa2 Qxc3 26. d5 Bc5 27.
Rac1 Qd4 28. Re2 Rxd5 {(Time Forfeit)} {#R} 0-1

[Event "Idaho Closed"]
[Site "Twin Falls, ID"]
[Date "2011.02.19"]
[Round "1.8"]
[White "Connor, Kitt D"]
[Black "Baggett, Jeff M"]
[Result "0-1"]
[WhiteElo "1021"]
[BlackElo "1696"]

1. e4 c5 2. Nf3 e6 3. d4 cxd4 4. Nxd4 a6 5. Nc3 d6 6. Bc4 Qc7 7. b3 Nf6 8. Bb2
b5 9. Bd3 Be7 10. O-O O-O 11. Re1 Nbd7 12. Rc1 Bb7 13. Nf3 Rad8 14. Qe2 h6 15.
h3 Rfe8 16. Rcd1 Nc5 17. Rc1 b4 18. Na4 Nxa4 19. bxa4 a5 20. c3 Qb6 21. Bb5
Rf8 22. cxb4 Nxe4 23. a3 Qa7 24. Bc6 Bxc6 25. Rxc6 d5 26. Bd4 Qb7 27. Rec1 Bd6
28. Rb6 Qd7 29. Ne5 Bxe5 30. Bxe5 Qxa4 31. Bb2 Nd6 32. Qe5 Ne8 33. Rc3 Qd1+
34. Kh2 d4 35. Rg3 Rd5 36. Qf4 g5 37. Qf3 Qxf3 38. Rxf3 d3 39. Bc1 axb4 40.
axb4 d2 41. Bxd2 Rxd2 42. Rb8 Nd6 43. Rxf8+ Kxf8 44. Rb3 Rxf2 45. b5 Ke7 46.
b6 Nb7 47. Kg3 Rf5 48. Kg4 Rf4+ 49. Kh5 Rh4# 0-1

[Event "Idaho Closed"]
[Site "Twin Falls, ID"]
[Date "2011.02.20"]
[Round "4.4"]
[White "Baggett, Jeff M"]
[Black "Abderhalden, Katherine Louise"]
[Result "1-0"]
[WhiteElo "1696"]
[BlackElo "1741"]

1. e4 c5 2. Bc4 Nc6 3. c3 d6 4. Bb3 Nf6 5. d3 Bg4 6. f3 Bh5 7. Ne2 e6 8. Nf4
Be7 9. O-O O-O 10. Nxh5 Nxh5 11. f4 Nf6 12. Nd2 b5 13. Bc2 Qb6 14. Nf3 Rad8
15. h3 e5 16. Qe1 Rfe8 17. Nh4 Bf8 18. fxe5 Nxe5 19. Bg5 Be7 20. Nf5 Ng6 21.
Nxe7+ Rxe7 22. Bxf6 gxf6 23. Rxf6 Qc7 24. Qe3 d5 25. Raf1 Kg7 26. Qg5 dxe4 27.
dxe4 Rf8 28. h4 Qe5 29. R1f5 h6 30. Qg4 h5 31. Rxg6+ {#r} 1-0

[Event "WIO (Open)"]
[Site "Boise, ID"]
[Date "2012.12.08"]
[Round "3.4"]
[White "Olsoy, Peter John"]
[Black "Baggett, Jeff M"]
[Result "1-0"]
[WhiteElo "1694"]
[BlackElo "1722"]

1. d4 Nf6 2. c4 e6 3. Nf3 b6 4. g3 Bb7 5. Bg2 d5 6. O-O Bd6 7. b3 O-O 8. Nbd2
c5 9. Bb2 Nbd7 10. Rc1 Qe7 11. Re1 Rfd8 12. Qc2 cxd4 13. Nxd4 Rac8 14. Nb5 Bb8
15. Qb1 a6 16. Ba3 Nc5 17. Nc3 d4 18. Na4 Bxg2 19. Kxg2 Qb7+ 20. Kg1 Nce4 21.
Nxe4 Nxe4 22. Nxb6 Ng5 23. h4 Nh3+ 24. Kh2 Nxf2 25. Nxc8 Rxc8 26. Rf1 Ng4+ 27.
Kh3 Ne3 28. Rf3 Qd7 29. Qd3 e5+ 30. Kh2 Qe6 31. Rxe3 dxe3 32. Qxe3 Qg6 33. Bb2
Re8 34. c5 f5 35. Qd3 e4 36. Qd5+ Kh8 37. Rg1 Qg4 38. Qd7 Rg8 39. c6 Qxh4+ 40.
Kg2 Qg4 41. Kf2 e3+ 42. Kxe3 h5 43. Kf2 Ba7+ 44. Qxa7 Re8 45. e3 Qg5 46. Bd4
Rg8 47. Qf7 f4 48. exf4 {#r} 1-0

[Event "WIO (Open)"]
[Site "Boise, ID"]
[Date "2012.12.09"]
[Round "4.8"]
[White "Baggett, Jeff M"]
[Black "Puderbaugh, Kory"]
[Result "1-0"]
[WhiteElo "1722"]
[BlackElo "1359"]

1. e4 c5 2. Bc4 e6 3. c3 Nc6 4. h3 d5 5. exd5 exd5 6. Bb3 Nf6 7. Ne2 Be6 8.
O-O Qd7 9. Ba4 Bd6 10. d4 Bxh3 11. Nf4 Bg4 12. Re1+ Kf8 13. f3 h5 14. Nd3 Qc7
15. Bxc6 bxc6 16. Ne5 Bxe5 17. dxe5 Ne4 18. Bf4 f6 19. fxg4 hxg4 20. Qxg4 Rh1+
21. Kxh1 Nf2+ 22. Kg1 Nxg4 23. Rf1 Qb6 24. c4 Qxb2 25. Nd2 Qd4+ 26. Kh1 Nf2+
27. Rxf2 Qxf2 28. Rf1 Qh4+ 29. Kg1 Kf7 30. exf6 gxf6 31. Bd6 Qd4+ 32. Rf2 Re8
33. Nf3 Re2 34. Nxd4 Rxf2 35. Kxf2 cxd4 36. cxd5 cxd5 37. Bc5 a5 38. Bxd4 Ke6
39. a3 {#r} 1-0

[Event "MVCC Ch (Championship)"]
[Site "Twin Falls, Idaho"]
[Date "2013.03.23"]
[Round "4.1"]
[White "Imamovic, Nedzad"]
[Black "Baggett, Jeff M"]
[Result "1-0"]
[WhiteElo "1707"]
[BlackElo "1636"]

1. e4 c5 2. Nf3 e6 3. d4 cxd4 4. Nxd4 a6 5. Nc3 d6 6. Be3 Nf6 7. Be2 Be7 8.
Qd2 Bd7 9. O-O-O b5 10. a3 Qc7 11. g4 Nc6 12. g5 Ng8 13. Nxc6 Bxc6 14. f4 f5
15. Bd3 Qb7 16. Bd4 Bf8 17. Rhe1 fxe4 18. Bxe4 d5 19. Bf3 Qf7 20. Bxd5 Bxd5
21. Nxd5 Bd6 22. Be5 Rd8 23. Bxd6 Rxd6 24. Nc7+ Qxc7 25. Qxd6 Qxd6 26. Rxd6
Kf7 27. Rdxe6 g6 28. Re8 h5 29. Ra8 a5 30. Rxa5 Ne7 31. Ra7 Re8 32. b3 Kf8 33.
Rexe7 {#r} 1-0